Представление документа в формате RUSMARC

ПолеНазваниеЗначение
  Тип записи a
  Библиографический уровень m
001 Контрольный номер RU/SLIB/B/208754357
005 Дата корректировки 20201206204146.4
010 Индекс ISBN __
d Цена 300-00
101 Язык документа __
a Язык текста rus
200 Заглавие и сведения об ответственности 1_
a Заглавие Песни на слова Р. Бернса
e Сведения, относящиеся к заглавию для баса в сопровождении фортепиано
f Первые сведения об ответственности Свиридов Г. В. ; пер. С. Маршака
b Общее обозначение материала Текст
210 Выходные данные __
a Место издания М.
c Издательство Музыка
d Дата издания 1984
215 Физическое описание __
a Объем 56 с.
606 Тематические рубрики __
a Основная рубрика Музыка и зрелищные искусства
606 Тематические рубрики __
a Основная рубрика Вокальная музыка
610 Ключевые слова __
a Ключевые слова сольное пение; бас; музыкальное сопровождение; фортепиано; фортепианная музыка; музыкальные произведения; вокальные произведения
686 Индексы других классификаций __
a Классификационный индекс 85.943
700 Автор __
a Фамилия Свиридов
b Имя Г. В.
4 Код отношения 070
702 Вторичная интеллектуальная ответственность __
a Фамилия Маршак
b Имя С.
4 Код отношения Переводчик
801 Источник записи _0
a Страна RU
b Организация Муниципальное бюджетное учреждение культуры "Централизованная библиотечная система" г. Сургут (Центральная городская библиотека им. А. С. Пушкина)
g Правила каталогизации КиК/Уланова
801 Источник записи _1
a Страна RU
b Организация Муниципальное бюджетное учреждение культуры "Централизованная библиотечная система" г. Сургут (Центральная городская библиотека им. А. С. Пушкина)
g Правила каталогизации КиК/Уланова
852 Данные о местонахождении __
j Шифр хранения 85.943
c Каталожный индекс 85.943
i Авторский знак С 24
p Инвентарный номер 66518
901 Тип документа __
t Тип документа m
990 Данные о заказе (DOS) __
j Количество экземпляров (DOS) 1